000 00487 a2200169 4500
001 194471
020 _a978-85-8429-074-1
040 _cMagnum
100 _aDiniz, Maria Ignez
240 1 0 _aMaterias manipulativos para o ensino de frações e números decimais
_lpor
245 1 0 _aMaterias manipulativos para o ensino de frações e números decimais
300 _a160
362 0 _a2016
440 1 _aPenso
697 _aCIÊNCIAS FÍSICAS, QUÍMICAS E BIOLÓGICAS
942 _cBK
999 _c194471
_d194471